000 00560nam a2200181Ia 4500
008 090124s9999 xx 000 0 und d
082 _b42805
100 _aबागवे यशवंत
245 _a रहस्य मोहिनी
250 _a1
260 _bवसंतश्री प्रकाशन
_c2004
300 _a187
600 _aबागवे यशवंत
630 _a रहस्य मोहिनी
700 _aबागवे यशवंत
730 _a रहस्य मोहिनी
942 _cBOOK
999 _c109030
_d109030